Železná opona

Bibliographic Details
Main Author: Tóth, Mikuláš (Author)
Format: Article
Language:Slovak
PhysicalDescription:Fotogr.
Subjects:
Online Access:www.svedectvo.com

MARC

LEADER 00000nab a2200000 a 4500
001 vtls008856086
003 SK-MaSNL
005 20260304182852.0
008 061019c200609 xo r p 000 00slo
015 |a SNBRB2006/10SVKPO 
038 |a SVKPOCL 
040 |a SVKPOCL  |b slo  |c AACR2  |e AACR2 
041 |a slo 
044 |a xo  |c SK 
080 |a 943.76"1948/1965":341.222  |2 2001 
080 |a 323.28:321.64(437.6)  |2 2001 
080 |a 341.222(437.6)"1948/1965"  |2 2001 
100 1 |a Tóth, Mikuláš  |4 aut  |9 278695 
245 1 0 |a Železná opona  |c Mikuláš Tóth 
300 |a Fotogr. 
500 |a Pokračovanie 
650 0 7 |a ochrana štátnych hraníc  |2 SNKPH  |9 59216 
650 0 7 |a zločiny komunizmu  |2 SNKPH  |9 4471 
651 7 |a Slovensko  |x dejiny  |2 SNKPHgeo  |9 13278 
773 0 |t Svedectvo  |g Roč. 15, č. 9 (2006), s. 4-5 
852 |a SVKPO  |b KIS3GCP 
856 4 1 |u www.svedectvo.com 
999 |c 3031663  |d 3033593